Statistiques concernant Les commune de l'île de la Réunion

Cliquez ici pour prendre le quiz!

Statistiques générales

  • Ce quiz a été pris 310 fois
  • Le résultat moyen est 15 sur 24

Statistiques - réponses

Communes% Correct
saint denis
98%
saint pierre
96%
saint paul
88%
saint benoit
80%
saint joseph
79%
sainte marie
78%
saint leu
76%
saint andré
74%
cilaos
72%
saint louis
72%
saint rose
72%
tampon
72%
salazie
64%
sainte suzanne
61%
saint philippe
61%
port
54%
possession
54%
etang salé
50%
bras panon
40%
entre deux
36%
avirons
35%
petite ile
35%
plaine des palmistes
31%
trois bassins
23%

Distribution des résultats

Percentile par nombre de réponses

% des personnes avec chaque résultat

Votre développement - résultats

Vous n’avez pas pris ce quiz